00281nam a2200133Ia 45000030006000000080041000060400015000471000017000622450024000792600009001033000006001125460012001180050017001300STCL150530s9999 xx 000 0 und d aSTCLcSTCL aHenry Thomas aGeorge Westinghouse c1962 a0 aEnglish20220125171413.0